000 00571ntaaa2200217 4500
003 01
005 20251027202332.0
008 0714s1973 ag 01
040 _aAR-BaBN
_bspa
_cAR-BaBN
_eaacr
_dRIC
082 _a294.0000 P89
245 _aThe song of God
250 _a1 ed.
260 _aNew York :
_bNew American Library,
_c1954
300 _a143 p
500 _aThe Bhagavad-Gita is the timeless epic of the Hindu faith
650 _amisiones
650 _areligiones comparadas
_93333
650 _ahinduismo
_913567
700 _aHuxley, Aldous
942 _cBK
999 _c18190
_d18190